000 00665nam a2200217Ia 4500
003 GCL
008 140319s9999 xx 000 0 ara d
040 _aGCL /
_cGCL
082 0 4 _a921.1
_bج ا
100 1 _aجبور عبد النور
245 1 0 _aاخوان الصفا /
_cجبور عبد النور
260 _a[S.N] :
_bدار المعارف ،
_c1983
300 _a127 ص
490 _aنوابغ الفكر العربى
_v0
650 0 4 _aالفلسفة الاسلامية
650 0 4 _aالتراجم
650 0 4 _aالفلاسفة المسلمون
650 0 4 _aالفلاسفة العرب
650 0 4 _aاخوان الصفا
942 _2ddc
_cBK
999 _c28447
_d28447